Artificial neural networks in biological and environmental analysis (Record no. 2968)

MARC details
000 -LEADER
fixed length control field 00900nam a22002897a 4500
003 - CONTROL NUMBER IDENTIFIER
control field OSt
005 - DATE AND TIME OF LATEST TRANSACTION
control field 20220107122713.0
008 - FIXED-LENGTH DATA ELEMENTS--GENERAL INFORMATION
fixed length control field 130516b xxu||||| |||| 00| 0 eng d
020 ## - INTERNATIONAL STANDARD BOOK NUMBER
International Standard Book Number 9781439812587
040 ## - CATALOGING SOURCE
Transcribing agency IIITM-K
082 00 - DEWEY DECIMAL CLASSIFICATION NUMBER
Classification number 570.28563 HAN/A
100 1# - MAIN ENTRY--PERSONAL NAME
Personal name Hanrahan, Grady.
9 (RLIN) 200
245 10 - TITLE STATEMENT
Title Artificial neural networks in biological and environmental analysis
Statement of responsibility, etc. by Grady Hanrahan.
260 ## - PUBLICATION, DISTRIBUTION, ETC.
Place of publication, distribution, etc. Boca Raton,
Name of publisher, distributor, etc. Taylor and Francis,
Date of publication, distribution, etc. 2011.
300 ## - PHYSICAL DESCRIPTION
Extent xxii, 188 p.
490 1# - SERIES STATEMENT
Series statement Analytical Chemistry Series
520 ## - SUMMARY, ETC.
Summary, etc.
650 #0 - SUBJECT ADDED ENTRY--TOPICAL TERM
Topical term or geographic name entry element ANALYTICAL CHEMISTRY
9 (RLIN) 201
650 #0 - SUBJECT ADDED ENTRY--TOPICAL TERM
Topical term or geographic name entry element BIOLOGY
9 (RLIN) 336
650 #0 - SUBJECT ADDED ENTRY--TOPICAL TERM
Topical term or geographic name entry element ARTIFICIAL INTELLIGENCE
9 (RLIN) 202
650 #0 - SUBJECT ADDED ENTRY--TOPICAL TERM
Topical term or geographic name entry element COMPUTATIONAL ENVIRONMENTAL SCIENCE
9 (RLIN) 203
650 #0 - SUBJECT ADDED ENTRY--TOPICAL TERM
Topical term or geographic name entry element NEURAL NETWORKS
9 (RLIN) 204
650 #0 - SUBJECT ADDED ENTRY--TOPICAL TERM
Topical term or geographic name entry element FUZZY SYSTEMS
9 (RLIN) 991
650 #0 - SUBJECT ADDED ENTRY--TOPICAL TERM
Topical term or geographic name entry element COMPUTATIONAL BIOLOGY
9 (RLIN) 992
830 #0 - SERIES ADDED ENTRY--UNIFORM TITLE
Uniform title Analytical chemistry series (CRC Press)
9 (RLIN) 205
942 ## - ADDED ENTRY ELEMENTS (KOHA)
Source of classification or shelving scheme Dewey Decimal Classification
Koha item type Books
Holdings
Withdrawn status Lost status Source of classification or shelving scheme Damaged status Not for loan Home library Current library Shelving location Date acquired Cost, normal purchase price Total Checkouts Full call number Barcode Date last seen Price effective from Koha item type
    Dewey Decimal Classification     Kerala University of Digital Sciences, Innovation and Technology Knowledge Centre Kerala University of Digital Sciences, Innovation and Technology Knowledge Centre Bioinformatics 16/05/2013 3993.00   570.28563 HAN/A 2654 03/12/2020 16/05/2013 Books